| 000 | 00485nam a2200157Ia 4500 | ||
|---|---|---|---|
| 005 | 20220909163733.0 | ||
| 008 | 210122b ###||||| |||| 00| 0 spa d | ||
| 020 | _a84-8310-514-4 | ||
| 040 |
_aBIBLIOTECA MUNICIPAL DE BARRANCO _cBIBLIOTECA MUNICIPAL DE BARRANCO |
||
| 082 |
_a861.64 _bP23 |
||
| 100 | _aPanero Juan Luis | ||
| 245 | 0 | _aPoesia completa (1968-1996) | |
| 260 |
_aBarcelona _btusquets _c1997 |
||
| 942 |
_cBK _22022-08-24 _zERBG |
||
| 999 |
_c3469 _d3469 |
||